000 02657cam a2200385 i 4500
999 _c64991
_d64991
001 16193431
003 CO-MdFUSB
005 20190429121948.0
008 100419s2010 njua g b 011 0 eng
010 _a 2010016527
020 _a9781596381223 (pbk.)
040 _aDLC
_cCO-MdFUSB
_dDLC
_bspa
_erda
041 _aeng
042 _apcc
082 0 0 _224
_aG 230.0411
_bE97e
245 1 0 _aEyes to see, ears to hear
_b: essays in memory of J. Alan Groves
_c/ editado por Peter Enns, Douglas J. Green, & Michael B. Kelly.
264 1 _aPhillipsburg, New Jersey :
_bP & R Publishing,
_c℗[2010]
264 4 _c©2010
300 _axxxiii, 225 páginas :
_bilustraciones ;
_c23 cm.
336 _2rdacontent
_atexto
_btxt
337 _2rdamedia
_asin mediación
_bn
338 _2rdacarrier
_avolumen
_bnc
501 _aIncluye índices (páginas 205- 225)
505 _a¿Por qué le pasan cosas malas a la gente buena? Un enfoque bíblico-teológico / Tremper Longman III -- Salmo 15: Una exposición en honor de Alan Groves / Bruce K. Waltke -- El Señor es el pastor de Cristo: el Salmo 23 como profecía mesiánica / Douglas J. Green -- Eclesiastés según el Evangelio: pensamientos cristianos sobre la teología de Qohelet / Peter Enns -- Teología bíblica y hermenéutica misional: una pareja para el cielo. . . ¿en la tierra? / Michael B. Kelly -- El quinto evangelio / Adrian T. Smith -- Él cargó nuestros pecados: reflexiones apostólicas sobre Isaías 53 / Karen H. Jobes -- La madre y los hermanos de la verdadera Israel: reflexiones sobre los sirvientes y el servicio en Isaiah / Christopher J. Fantuzzo -- La via dolorosa de Israel: Hacia una apreciación de las Lamentaciones como escritura / Bradley C. Gregory -- Jonas y Janus: la hermenéutica de los personajes y las dos caras de Jonas en la historia de la interpretación / Samuel L. Boyd -- La belleza en la cultura de un iPod: reflexiones sobre la mediación y la ética cristiana / William Edgar -- El legado de J. Alan Groves: una historia oral / Kirk E. Lowery -- ¿Ha pasado algo tan grandioso como esto? El papel de Deuteronomio 4: 32-35 en la historia de la Redención / J. Alan Groves -- Curriculum Vitae / J. Alan Groves
630 0 7 _aBiblia
_xCrítica, interpretación, etc.
700 1 _aGroves, J. Alan.
700 1 _aEnns, Peter,
_d1961-
700 1 _aGreen, Douglas J.,
_d1953-
700 1 _aKelly, Michael B.,
_d1965-
906 _a7
_bcbc
_corignew
_d1
_eecip
_f20
_gy-gencatlg
942 _cBK